<?xml version="1.0" encoding="UTF-8"?><?xml-stylesheet type="text/xsl" href="static/style.xsl"?><OAI-PMH xmlns="http://www.openarchives.org/OAI/2.0/" xmlns:xsi="http://www.w3.org/2001/XMLSchema-instance" xsi:schemaLocation="http://www.openarchives.org/OAI/2.0/ http://www.openarchives.org/OAI/2.0/OAI-PMH.xsd"><responseDate>2026-06-03T11:46:43Z</responseDate><request verb="GetRecord" identifier="oai:riuma.uma.es:10630/30984" metadataPrefix="marc">https://riuma.uma.es/rest/oai/request</request><GetRecord><record><header><identifier>oai:riuma.uma.es:10630/30984</identifier><datestamp>2026-02-03T11:33:58Z</datestamp><setSpec>com_10630_2254</setSpec><setSpec>col_10630_37953</setSpec></header><metadata><record xmlns="http://www.loc.gov/MARC21/slim" xmlns:dcterms="http://purl.org/dc/terms/" xmlns:doc="http://www.lyncode.com/xoai" xmlns:xsi="http://www.w3.org/2001/XMLSchema-instance" xsi:schemaLocation="http://www.loc.gov/MARC21/slim http://www.loc.gov/standards/marcxml/schema/MARC21slim.xsd">
   <leader>00925njm 22002777a 4500</leader>
   <datafield ind2=" " ind1=" " tag="042">
      <subfield code="a">dc</subfield>
   </datafield>
   <datafield ind2=" " ind1=" " tag="720">
      <subfield code="a">Arrebola-Díez, Eva María</subfield>
      <subfield code="e">author</subfield>
   </datafield>
   <datafield ind2=" " ind1=" " tag="720">
      <subfield code="a">Cazorla-López, Francisco Manuel</subfield>
      <subfield code="e">author</subfield>
   </datafield>
   <datafield ind2=" " ind1=" " tag="720">
      <subfield code="a">Romero-Hinojosa, Diego Francisco</subfield>
      <subfield code="e">author</subfield>
   </datafield>
   <datafield ind2=" " ind1=" " tag="720">
      <subfield code="a">Pérez-García, Alejandro</subfield>
      <subfield code="e">author</subfield>
   </datafield>
   <datafield ind2=" " ind1=" " tag="720">
      <subfield code="a">De-Vicente-Moreno, Antonio</subfield>
      <subfield code="e">author</subfield>
   </datafield>
   <datafield ind2=" " ind1=" " tag="260">
      <subfield code="c">2007-04-20</subfield>
   </datafield>
   <datafield ind2=" " ind1=" " tag="520">
      <subfield code="a">Pseudomonas syringae pv. syringae, which causes the bacterial&#xd;
apical necrosis of mango, produces the antimetabolite&#xd;
mangotoxin. We report here the cloning, sequencing, and&#xd;
identity analysis of a chromosomal region of 11.1 kb from&#xd;
strain P. syringae pv. syringae UMAF0158, which is involved&#xd;
in mangotoxin biosynthesis. This chromosomal region contains&#xd;
six complete open reading frames (ORFs), including a&#xd;
large gene (ORF5) with a modular architecture characteristic&#xd;
of nonribosomal peptide synthetases (NRPS) named&#xd;
mgoA. A Tn5 mutant disrupted in mgoA was defective in&#xd;
mangotoxin production, revealing the involvement of the&#xd;
putative NRPS gene in the biosynthesis of mangotoxin.&#xd;
This derivative strain impaired in mangotoxin production&#xd;
also showed a reduction in virulence as measured by necrotic&#xd;
symptoms on tomato leaflets. Mangotoxin production&#xd;
and virulence were restored fully in the NRPS mutant&#xd;
by complementation with plasmid pCG2-6, which contains&#xd;
an 11,103-bp chromosomal region cloned from the wildtype&#xd;
strain P. syringae pv. syringae UMAF0158 that includes&#xd;
the putative NPRS gene (mgoA). The results demonstrate&#xd;
that mgoA has a role in the virulence of P. syringae pv.&#xd;
syringae. The involvement of an NRPS in the production of&#xd;
an antimetabolite toxin from P. syringae inhibiting ornithine&#xd;
acetyltransferase activity is proposed.</subfield>
   </datafield>
   <datafield ind1="8" ind2=" " tag="024">
      <subfield code="a">Arrebola E, Cazorla FM, Romero D, Pérez-García A, de Vicente A. A nonribosomal peptide synthetase gene (mgoA) of Pseudomonas syringae pv. syringae is involved in mangotoxin biosynthesis and is required for full virulence. Mol Plant Microbe Interact. 2007. 20(5):500-9.</subfield>
   </datafield>
   <datafield ind1="8" ind2=" " tag="024">
      <subfield code="a">https://hdl.handle.net/10630/30984</subfield>
   </datafield>
   <datafield ind1="8" ind2=" " tag="024">
      <subfield code="a">10.1094/MPMI-20-5-0500.</subfield>
   </datafield>
   <datafield tag="653" ind2=" " ind1=" ">
      <subfield code="a">Fitotoxinas</subfield>
   </datafield>
   <datafield tag="653" ind2=" " ind1=" ">
      <subfield code="a">Mangos - Enfermedades y plagas</subfield>
   </datafield>
   <datafield tag="653" ind2=" " ind1=" ">
      <subfield code="a">Antimetabolitos</subfield>
   </datafield>
   <datafield tag="653" ind2=" " ind1=" ">
      <subfield code="a">Bacterias fitopatógenas</subfield>
   </datafield>
   <datafield ind2="0" ind1="0" tag="245">
      <subfield code="a">A Nonribosomal Peptide Synthetase Gene (mgoA) of Pseudomonas syringae pv. syringae Is Involved in Mangotoxin Biosynthesis and Is Required for Full Virulence.</subfield>
   </datafield>
</record>
</metadata></record></GetRecord></OAI-PMH>